Z histórie Fordovej továrne
Zrod prvých automobilov. Založenie automobilovej spoločnosti Ford Motor Company. Automobily z Fordovej továrne. Organizácia výroby. Ford ako sociálny reformátor. Zavedenie dôchodkového poistenia. Automobilka Ford v súčasnosti.
Salvato in:
| Autore principale: | |
|---|---|
| Natura: | Capitolo di libro |
| Lingua: | slovacco |
| Soggetti: | |
| Tags: |
Nessun Tag, puoi essere il primo ad aggiungerne!!
|
MARC
| LEADER | 00000naa$a2200000$$$4500 | ||
|---|---|---|---|
| 001 | 0007936 | ||
| 005 | 20230825090000.2 | ||
| 041 | 0 | |a slo | |
| 044 | |a SK | ||
| 245 | 1 | 0 | |a Z histórie Fordovej továrne |c aut. Miroslava Mičurová |
| 520 | |a Zrod prvých automobilov. Založenie automobilovej spoločnosti Ford Motor Company. Automobily z Fordovej továrne. Organizácia výroby. Ford ako sociálny reformátor. Zavedenie dôchodkového poistenia. Automobilka Ford v súčasnosti. | ||
| 610 | 2 | 0 | |a priemysel automobilový |
| 610 | 2 | 0 | |a automobily |
| 610 | 2 | 0 | |a história |
| 610 | 2 | 0 | |a spoločnosti |
| 610 | 2 | 0 | |a podnikanie |
| 610 | 2 | 0 | |a starostlivosť sociálna |
| 100 | 1 | |a Mičurová, Miroslava | |